| 000 | 00594nam a2200157Ia 4500 | ||
|---|---|---|---|
| 008 | 100122s9999 xx 000 0 und d | ||
| 082 |
_b71893 _a823 |
||
| 100 | _aभैरप्पा एस एल | ||
| 245 | _aमंद्र अनु- उमा कुलकर्णी | ||
| 260 |
_bमेहता पब्लिशिंग हाऊस _c2007 |
||
| 300 | _a572 | ||
| 630 | _aमंद्र अनु- उमा कुलकर्णी | ||
| 700 | _aकुलकर्णी उमा | ||
| 730 | _aमंद्र अनु- उमा कुलकर्णी | ||
| 942 | _cBOOK | ||
| 999 |
_c442330 _d442327 |
||